Coniugazione - Essere - Statistics

Statistiche generali
  • Questo quiz è stato fatto 11 volte
  • Il punteggio medio è 37 su 47
Statistiche sulle risposte
Tempo Coniugazione % Corretto
Tu Sei
100%
Io Sono
100%
Lui o Lei È
91%
Lui o Lei Era
91%
Loro Erano
91%
Tu Eri
91%
Io Ero
91%
Lui o Lei Fu
91%
Io Fui
91%
Loro Furono
91%
Lui o Lei Sarà
91%
Noi Saremo
91%
Voi Sarete
91%
Io Sarò
91%
che io o tu o lui o lei. Sia
91%
Noi Siamo
91%
che loro Siano
91%
che voi Siate
91%
Voi Siete
91%
Loro Sono
91%
Noi Eravamo
82%
Voi Eravate
82%
Voi Foste
82%
Tu fosti
82%
Noi Fummo
82%
Tu Sarai
82%
Loro Saranno
82%
che noi Siamo
82%
Presente Essendo
73%
che lui o lei Fosse
73%
che loro Fossero
73%
che noi Fossimo
73%
che voi Foste
73%
Lui o Lei Sarebbe
73%
Loro Sarebbero
73%
Io Sarei
73%
Noi Saremmo
73%
Voi Sareste
73%
Tu Saresti
73%
che io o tu Fossi
64%
(lui o lei) Sia
55%
(noi) Siamo
55%
(loro) Siano
55%
(voi) Siate
55%
Presente Essente
45%
Passato Stato
45%
(tu) Sii
27%
Nessun quiz corrispondente trovato
Distribuzione punteggi
Percentuale di utenti per punteggio
Percentile per numero di risposta
I tuoi punteggi nel tempo
Non hai fatto questo quiz